000 02017nam a2200289Ia 4500
999 _c52981
_d52981
001 20012
003 GE_BSU
005 20210112234603.0
008 181216s1938||||ge |||||||||||||| ||geo||
040 _cGE_BSU
041 _ageo
080 _a81'374.823=353.31=353.32=353.1 ჩ-69
100 _aჩიქობავა, არნოლდ
_91234
245 _aჭანურ-მეგრულ-ქართული შედარებითი ლექსიკონი /
_cარნოლდ ჩიქობავა ; რედ. სიმონ ჯანაშია.
264 _aთბილისი :
_bსსრკ მეცნ. აკად. საქ. ფილიალის გამ-ბა და სტ.,
_c1938.
300 _aXVIII, 508, [2] გვ. ;
_c21 სმ.
300 _bდამატებითი თავფურცელი და რეზიუმე რუსულ-ფრანგულ ენებზე.
300 _cბიბლიოგრ.: "ლიტერატურა" შენიშვნებში.
490 _aსსრკ მეცნიერებათა აკადემიის საქართველოს ფილიალი. ნ. მარის სახელობის ენის, ისტორიისა და მატერიალური კულტურის ინსტიტუტი
500 _aდამატებითი თავფურცელი და რეზიუმე რუსულ-ფრანგულ ენებზე.
504 _aბიბლიოგრ. : "ლიტერატურა" შენიშვნებში
541 _h3ლ.
653 _aჭანურ-მეგრულ-ქართული შედარებითი ლექსიკონი
653 _aშედარებითი ლექსიკონი
700 _aჯანაშია, სიმონ
_eრედაქტორი
_910036
942 _cBK
_2udc